000 00765nam a2200253Ia 4500
003 OSt
005 20220918174615.0
006 a|||||r|||| 00| 0
007 ta
008 220917b |||||||| |||| 00| 0 eng d
024 _a13,096
037 _cTextual
040 _aARTS
_cARTS
_beng
041 _2eng
_aeng
082 _aN4653:g, M9
100 _aGreenfeld Liah
_951095
245 0 _aDifferent worlds
_b A sociological study of taste, choice and success in art
260 _aCambridge
_bCambridge press
_c1989
300 _a207p.
_ccm.
490 _aArnold and caroline rose monograph sdries of the American Sociological Association
650 _aARTS
942 _hN4653:g, M9
_cTEXL
_2CC
999 _c153916
_d153916